Projektový management: Komplexně, prakticky a podle světových standardů - 2. vydání /

Enregistré dans:
Détails bibliographiques
Auteurs principaux: Doležal, Jan (Auteur), Krátký, Jiří (Auteur), Hájek, Martin (Auteur), Lacko, Branislav (Auteur), Cingl, Ondřej (Auteur), Ježková, Zuzana (Auteur)
Format: Livre
Langue:tchèque
Publié: Praha: Grada Publishing, 2023
Édition:2. vyd.
Sujets:
Tags: Ajouter un tag
Pas de tags, Soyez le premier à ajouter un tag!

MARC

LEADER 00000nam a22000003a 4500
001 0104570
003 SK-STU
005 20230913134304.7
007 ta
008 230913s ----xo-----e------000-0-----d
020 |a 978-80-271-3619-3 
040 |a STU  |b slo 
041 0 |a cze  |h cze 
044 |a xr 
100 1 |a Doležal, Jan  |4 aut 
245 1 0 |a Projektový management:  |b Komplexně, prakticky a podle světových standardů - 2. vydání /  |c aut. Jan Doležal, Jiří Krátký, Martin Hájek, Branislav Lacko, Ondřej Cingl, Zuzana Ježková 
250 |a 2. vyd. 
260 |a Praha:  |b Grada Publishing,  |c 2023 
300 |a 432 s. 
650 0 7 |a projektový manažment 
700 1 |a Krátký, Jiří  |4 aut 
700 1 |a Hájek, Martin  |4 aut 
700 1 |a Lacko, Branislav  |4 aut 
700 1 |a Cingl, Ondřej  |4 aut 
700 1 |a Ježková, Zuzana  |4 aut 
996 |c V* 53546/O-24706  |l VV3  |s P  |a 0  |w 0104570_0001